|
|
|
|
| LEADER |
01199nam a2200301 a 4500 |
| 001 |
0017148 |
| 003 |
BD-DhAAL |
| 008 |
111123s2002 enk b 001 0 eng |
| 010 |
|
|
|a 2001019897
|
| 020 |
|
|
|a 0415246334 (alk. paper)
|
| 020 |
|
|
|a 0415246342 (pbk. : alk. paper)
|
| 040 |
|
|
|a DLC
|c DLC
|d DLC
|d BD-DhAAL
|
| 042 |
|
|
|a pcc
|
| 050 |
0 |
0 |
|a B2430.D454
|b C65 2002
|
| 082 |
0 |
0 |
|a 194
|2 21
|
| 100 |
1 |
|
|a Colebrook, Claire.
|9 58286
|
| 245 |
1 |
0 |
|a Gilles Deleuze /
|c Claire Colebrook.
|
| 260 |
|
|
|a London ;
|a New York :
|b Routledge,
|c 2002.
|
| 300 |
|
|
|a x, 170 p. ;
|c 21 cm
|
| 490 |
0 |
|
|a Routledge critical thinkers
|
| 504 |
|
|
|a Includes bibliographical references (p. [153]-163) and index.
|
| 526 |
|
|
|a ENH
|x Prof. Syed Manzoorul Islam
Faculty Member of BRAC University
|
| 541 |
|
|
|e 00017148
|a Friends' Book Corner
|
| 600 |
1 |
0 |
|a Deleuze, Gilles,
|d 1925-1995.
|9 29232
|
| 852 |
1 |
|
|a Ayesha Abed Library
|c General Stacks
|
| 942 |
|
|
|2 ddc
|c BK
|
| 999 |
|
|
|c 11484
|d 11484
|
| 952 |
|
|
|0 0
|1 0
|2 ddc
|4 0
|6 194_COL
|7 0
|9 18670
|a BRACUL
|b BRACUL
|c GEN
|d 2011-11-23
|e Friends' Book Corner
|g 440.00
|l 0
|o 194 COL
|p 3010017148
|r 2011-11-23
|t 1
|w 2011-11-23
|y BK
|x Requisitioned by Prof. Syed Manzoorul Islam (Faculty Member of BRAC University).
|